[Event "DEM U14w 2023"]
[Site "Willingen GER"]
[Date "2023.06.03"]
[Round "9"]
[White "Lorenz, Veronika"]
[Black "Bezsonna, Polina"]
[Result "0-1"]
[Termination "normal"]
[Board "1"]
[WhiteElo "1584"]
[BlackElo "1629"]
[WhiteClock "00:04:54"]
[BlackClock "00:00:50"]
[PlyCount "94"]
[WhiteFideId "16277406"]
[BlackFideId "14191156"]
[EventCountry "GER"]
[EventRounds "9"]
[EventType "swiss"]
[EventDate "2023.05.27"]

1. f4 {[%clk 01:30:57]} {[%emt 00:00:02]} c5 {[%clk 01:30:26]} {[%emt
00:00:35]} 2. Nf3 {[%clk 01:31:23]} {[%emt 00:00:05]} Nc6 {[%clk 01:30:37]}
{[%emt 00:00:20]} 3. g3 {[%clk 01:30:53]} {[%emt 00:00:58]} g6 {[%clk
01:29:44]} {[%emt 00:01:24]} 4. Bg2 {[%clk 01:31:18]} {[%emt 00:00:03]} Bg7
{[%clk 01:29:57]} {[%emt 00:00:17]} 5. O-O {[%clk 01:31:43]} {[%emt 00:00:06]}
d5 {[%clk 01:29:22]} {[%emt 00:01:05]} 6. d3 {[%clk 01:32:03]} {[%emt
00:00:10]} Bg4 {[%clk 01:26:01]} {[%emt 00:03:51]} 7. h3 {[%clk 01:32:02]}
{[%emt 00:00:30]} Bxf3 {[%clk 01:26:19]} {[%emt 00:00:13]} 8. Bxf3 {[%clk
01:32:22]} {[%emt 00:00:11]} e6 {[%clk 01:25:24]} {[%emt 00:01:24]} 9. c3
{[%clk 01:28:18]} {[%emt 00:04:34]} Nge7 {[%clk 01:22:54]} {[%emt 00:03:01]}
10. Qe1 {[%clk 01:16:53]} {[%emt 00:11:56]} O-O {[%clk 01:13:22]} {[%emt
00:09:59]} 11. e4 {[%clk 01:16:09]} {[%emt 00:01:14]} Qd7 {[%clk 01:00:21]}
{[%emt 00:13:32]} 12. e5 {[%clk 01:10:40]} {[%emt 00:05:59]} d4 {[%clk
00:54:42]} {[%emt 00:06:09]} 13. c4 {[%clk 01:07:09]} {[%emt 00:04:02]} f6
{[%clk 00:49:38]} {[%emt 00:05:34]} 14. exf6 {[%clk 01:06:55]} {[%emt
00:00:43]} Bxf6 {[%clk 00:50:03]} {[%emt 00:00:04]} 15. a3 {[%clk 00:55:44]}
{[%emt 00:11:42]} Nf5 {[%clk 00:41:35]} {[%emt 00:08:58]} 16. Kh2 {[%clk
00:37:21]} {[%emt 00:18:51]} Rae8 {[%clk 00:39:36]} {[%emt 00:02:31]} 17. Ra2
{[%clk 00:28:26]} {[%emt 00:09:24]} e5 {[%clk 00:37:24]} {[%emt 00:02:44]} 18.
Qf2 {[%clk 00:27:19]} {[%emt 00:01:31]} exf4 {[%clk 00:30:03]} {[%emt
00:07:56]} 19. Bxf4 {[%clk 00:27:38]} {[%emt 00:00:12]} Ne3 {[%clk 00:20:07]}
{[%emt 00:10:25]} 20. Re1 {[%clk 00:27:18]} {[%emt 00:00:49]} g5 {[%clk
00:16:21]} {[%emt 00:04:18]} 21. Bxe3 {[%clk 00:26:34]} {[%emt 00:01:14]} dxe3
{[%clk 00:16:39]} {[%emt 00:00:11]} 22. Qf1 {[%clk 00:22:34]} {[%emt 00:04:29]}
Be5 {[%clk 00:11:22]} {[%emt 00:05:48]} 23. b3 {[%clk 00:12:04]} {[%emt
00:11:01]} Nd4 {[%clk 00:04:48]} {[%emt 00:07:04]} 24. Bd5+ {[%clk 00:10:41]}
{[%emt 00:01:52]} Kh8 {[%clk 00:04:57]} {[%emt 00:00:22]} 25. Qg1 {[%clk
00:05:03]} {[%emt 00:06:06]} Nf3+ {[%clk 00:01:33]} {[%emt 00:03:56]} 26. Bxf3
{[%clk 00:05:27]} {[%emt 00:00:06]} Rxf3 {[%clk 00:01:58]} {[%emt 00:00:05]}
27. Rg2 {[%clk 00:03:00]} {[%emt 00:02:55]} g4 {[%clk 00:02:11]} {[%emt
00:00:18]} 28. h4 {[%clk 00:02:32]} {[%emt 00:00:58]} Qe7 {[%clk 00:01:52]}
{[%emt 00:00:50]} 29. Kh1 {[%clk 00:02:31]} {[%emt 00:00:30]} Bxg3 {[%clk
00:01:55]} {[%emt 00:00:28]} 30. Rxg3 {[%clk 00:02:46]} {[%emt 00:00:15]} Qxh4+
{[%clk 00:02:18]} {[%emt 00:00:07]} 31. Qh2 {[%clk 00:03:04]} {[%emt 00:00:12]}
Qxg3 {[%clk 00:02:26]} {[%emt 00:00:22]} 32. Qxg3 {[%clk 00:03:01]} {[%emt
00:00:32]} Rxg3 {[%clk 00:02:48]} {[%emt 00:00:09]} 33. Nc3 {[%clk 00:03:30]}
{[%emt 00:00:02]} Rf3 {[%clk 00:02:50]} {[%emt 00:00:27]} 34. Ne4 {[%clk
00:03:43]} {[%emt 00:00:17]} b6 {[%clk 00:02:12]} {[%emt 00:01:08]} 35. Kg2
{[%clk 00:03:39]} {[%emt 00:00:33]} h5 {[%clk 00:01:08]} {[%emt 00:01:34]} 36.
Ng5 {[%clk 00:03:56]} {[%emt 00:00:13]} Rf5 {[%clk 00:01:11]} {[%emt 00:00:27]}
37. Ne4 {[%clk 00:04:23]} {[%emt 00:00:04]} Ref8 {[%clk 00:01:21]} {[%emt
00:00:20]} 38. Rxe3 {[%clk 00:04:39]} {[%emt 00:00:14]} Rf3 {[%clk 00:01:29]}
{[%emt 00:00:21]} 39. Re2 {[%clk 00:04:05]} {[%emt 00:01:04]} Rxd3 {[%clk
00:01:41]} {[%emt 00:00:18]} 40. b4 {[%clk 00:03:58]} {[%emt 00:00:38]} Re8
{[%clk 00:01:37]} {[%emt 00:00:34]} 41. bxc5 {[%clk 00:03:53]} {[%emt
00:00:35]} bxc5 {[%clk 00:01:57]} {[%emt 00:00:09]} 42. Kf2 {[%clk 00:04:08]}
{[%emt 00:00:15]} Rd4 {[%clk 00:02:08]} {[%emt 00:00:19]} 43. Ng3 {[%clk
00:03:33]} {[%emt 00:01:05]} Rxe2+ {[%clk 00:02:24]} {[%emt 00:00:15]} 44. Kxe2
{[%clk 00:03:57]} {[%emt 00:00:05]} Rxc4 {[%clk 00:02:03]} {[%emt 00:00:51]}
45. Nxh5 {[%clk 00:04:22]} {[%emt 00:00:05]} Rc3 {[%clk 00:01:37]} {[%emt
00:00:55]} 46. Nf6 {[%clk 00:04:32]} {[%emt 00:00:21]} g3 {[%clk 00:00:35]}
{[%emt 00:01:32]} 47. Ne4 {[%clk 00:04:54]} {[%emt 00:00:08]} Rxa3 {[%clk
00:00:50]} {[%emt 00:00:15]} 0-1

[Event "DEM U14w 2023"]
[Site "Willingen GER"]
[Date "2023.06.03"]
[Round "9"]
[White "Haug, Mara"]
[Black "Richter, Johanna"]
[Result "1-0"]
[Termination "normal"]
[Board "2"]
[WhiteElo "1754"]
[BlackElo "1431"]
[WhiteClock "00:05:20"]
[BlackClock "00:03:48"]
[PlyCount "73"]
[WhiteFideId "16259300"]
[BlackFideId "16278925"]
[EventCountry "GER"]
[EventRounds "9"]
[EventType "swiss"]
[EventDate "2023.05.27"]

1. e4 {[%clk 01:30:57]} {[%emt 00:00:04]} c5 {[%clk 01:30:55]} {[%emt
00:00:04]} 2. Nf3 {[%clk 01:31:18]} {[%emt 00:00:09]} Nc6 {[%clk 01:31:20]}
{[%emt 00:00:04]} 3. d4 {[%clk 01:31:40]} {[%emt 00:00:08]} cxd4 {[%clk
01:31:46]} {[%emt 00:00:05]} 4. Nxd4 {[%clk 01:32:03]} {[%emt 00:00:07]} e5
{[%clk 01:32:10]} {[%emt 00:00:06]} 5. Nb5 {[%clk 01:32:22]} {[%emt 00:00:12]}
d6 {[%clk 01:32:30]} {[%emt 00:00:09]} 6. N1c3 {[%clk 01:32:47]} {[%emt
00:00:05]} a6 {[%clk 01:32:54]} {[%emt 00:00:07]} 7. Na3 {[%clk 01:33:11]}
{[%emt 00:00:07]} b5 {[%clk 01:33:20]} {[%emt 00:00:03]} 8. Nd5 {[%clk
01:33:31]} {[%emt 00:00:10]} Nf6 {[%clk 01:33:35]} {[%emt 00:00:14]} 9. c4
{[%clk 01:33:26]} {[%emt 00:00:35]} b4 {[%clk 01:32:31]} {[%emt 00:01:35]} 10.
Nxf6+ {[%clk 01:32:46]} {[%emt 00:01:08]} Qxf6 {[%clk 01:32:02]} {[%emt
00:00:59]} 11. Nc2 {[%clk 01:32:48]} {[%emt 00:00:29]} Qd8 {[%clk 01:28:00]}
{[%emt 00:04:32]} 12. Bd3 {[%clk 01:28:52]} {[%emt 00:04:26]} Be7 {[%clk
01:28:16]} {[%emt 00:00:15]} 13. O-O {[%clk 01:27:49]} {[%emt 00:01:32]} O-O
{[%clk 01:27:54]} {[%emt 00:00:53]} 14. b3 {[%clk 01:22:27]} {[%emt 00:05:51]}
a5 {[%clk 01:22:02]} {[%emt 00:06:23]} 15. Ne3 {[%clk 01:19:00]} {[%emt
00:03:55]} Bg5 {[%clk 01:19:33]} {[%emt 00:02:48]} 16. a3 {[%clk 01:10:32]}
{[%emt 00:09:10]} Be6 {[%clk 01:15:26]} {[%emt 00:04:35]} 17. Be2 {[%clk
01:00:13]} {[%emt 00:10:50]} Nd4 {[%clk 01:11:00]} {[%emt 00:04:57]} 18. Bb2
{[%clk 00:55:31]} {[%emt 00:05:11]} Bxe3 {[%clk 01:07:26]} {[%emt 00:04:04]}
19. fxe3 {[%clk 00:55:56]} {[%emt 00:00:04]} Nxe2+ {[%clk 01:07:45]} {[%emt
00:00:13]} 20. Qxe2 {[%clk 00:56:13]} {[%emt 00:00:13]} Qb6 {[%clk 01:06:53]}
{[%emt 00:01:21]} 21. Qd3 {[%clk 00:49:10]} {[%emt 00:07:32]} Rfd8 {[%clk
01:03:21]} {[%emt 00:03:52]} 22. axb4 {[%clk 00:46:57]} {[%emt 00:02:54]} axb4
{[%clk 01:02:19]} {[%emt 00:01:33]} 23. h3 {[%clk 00:38:34]} {[%emt 00:08:53]}
g6 {[%clk 00:56:55]} {[%emt 00:05:53]} 24. Rfd1 {[%clk 00:34:45]} {[%emt
00:04:19]} Rab8 {[%clk 00:50:11]} {[%emt 00:06:44]} 25. Kh2 {[%clk 00:29:52]}
{[%emt 00:05:53]} Rd7 {[%clk 00:43:13]} {[%emt 00:07:29]} 26. Ra4 {[%clk
00:22:58]} {[%emt 00:07:23]} Kg7 {[%clk 00:38:24]} {[%emt 00:05:20]} 27. Rda1
{[%clk 00:21:15]} {[%emt 00:02:13]} f5 {[%clk 00:29:03]} {[%emt 00:09:51]} 28.
exf5 {[%clk 00:18:43]} {[%emt 00:03:01]} Bxf5 {[%clk 00:29:09]} {[%emt
00:00:23]} 29. e4 {[%clk 00:17:26]} {[%emt 00:01:47]} Be6 {[%clk 00:29:31]}
{[%emt 00:00:08]} 30. Qd2 {[%clk 00:15:34]} {[%emt 00:02:21]} Kg8 {[%clk
00:18:42]} {[%emt 00:11:20]} 31. Ra6 {[%clk 00:12:46]} {[%emt 00:03:18]} Qc7
{[%clk 00:13:42]} {[%emt 00:05:30]} 32. R1a4 {[%clk 00:09:45]} {[%emt
00:03:30]} Qc5 {[%clk 00:09:23]} {[%emt 00:04:49]} 33. Bc1 {[%clk 00:08:00]}
{[%emt 00:02:16]} Rb6 {[%clk 00:03:44]} {[%emt 00:06:08]} 34. Rxb6 {[%clk
00:07:29]} {[%emt 00:01:03]} Qxb6 {[%clk 00:04:06]} {[%emt 00:00:08]} 35. Rxb4
{[%clk 00:07:13]} {[%emt 00:00:45]} Qc6 {[%clk 00:03:39]} {[%emt 00:00:54]} 36.
Rb8+ {[%clk 00:05:28]} {[%emt 00:02:18]} Kf7 {[%clk 00:03:48]} {[%emt
00:00:21]} 37. Qf2+ {[%clk 00:05:20]} {[%emt 00:00:35]} 1-0

[Event "DEM U14w 2023"]
[Site "Willingen GER"]
[Date "2023.06.03"]
[Round "9"]
[White "Trunz, Tamila"]
[Black "Neininger, Sarah"]
[Result "1-0"]
[Termination "normal"]
[Board "3"]
[WhiteElo "1697"]
[BlackElo "1512"]
[WhiteClock "00:13:38"]
[BlackClock "00:01:10"]
[PlyCount "63"]
[WhiteFideId "16267885"]
[BlackFideId "16287410"]
[EventCountry "GER"]
[EventRounds "9"]
[EventType "swiss"]
[EventDate "2023.05.27"]

1. e4 {[%clk 01:30:59]} {[%emt 00:00:01]} c5 {[%clk 01:30:56]} {[%emt
00:00:05]} 2. Nf3 {[%clk 01:31:22]} {[%emt 00:00:08]} d6 {[%clk 01:31:21]}
{[%emt 00:00:02]} 3. d4 {[%clk 01:31:48]} {[%emt 00:00:05]} cxd4 {[%clk
01:31:47]} {[%emt 00:00:05]} 4. Nxd4 {[%clk 01:32:10]} {[%emt 00:00:07]} Nf6
{[%clk 01:32:12]} {[%emt 00:00:04]} 5. Nc3 {[%clk 01:32:33]} {[%emt 00:00:07]}
g6 {[%clk 01:32:38]} {[%emt 00:00:04]} 6. Be3 {[%clk 01:32:52]} {[%emt
00:00:13]} Bg7 {[%clk 01:32:59]} {[%emt 00:00:09]} 7. f3 {[%clk 01:33:16]}
{[%emt 00:00:05]} Nc6 {[%clk 01:33:22]} {[%emt 00:00:07]} 8. Qd2 {[%clk
01:33:22]} {[%emt 00:00:24]} h5 {[%clk 01:33:43]} {[%emt 00:00:10]} 9. h4
{[%clk 01:23:11]} {[%emt 00:10:40]} Bd7 {[%clk 01:30:38]} {[%emt 00:03:34]} 10.
Be2 {[%clk 01:21:51]} {[%emt 00:01:51]} Rc8 {[%clk 01:26:31]} {[%emt 00:04:36]}
11. O-O-O {[%clk 00:57:29]} {[%emt 00:24:53]} Nb4 {[%clk 00:58:55]} {[%emt
00:28:02]} 12. Kb1 {[%clk 00:51:53]} {[%emt 00:06:09]} a6 {[%clk 00:48:15]}
{[%emt 00:11:10]} 13. Rdg1 {[%clk 00:49:03]} {[%emt 00:03:20]} Nc6 {[%clk
00:42:43]} {[%emt 00:06:02]} 14. g4 {[%clk 00:45:01]} {[%emt 00:04:32]} b5
{[%clk 00:41:15]} {[%emt 00:01:58]} 15. a3 {[%clk 00:44:54]} {[%emt 00:00:38]}
b4 {[%clk 00:40:00]} {[%emt 00:01:44]} 16. axb4 {[%clk 00:43:50]} {[%emt
00:01:34]} Nxb4 {[%clk 00:39:17]} {[%emt 00:01:13]} 17. gxh5 {[%clk 00:43:24]}
{[%emt 00:00:56]} Nxh5 {[%clk 00:39:36]} {[%emt 00:00:11]} 18. f4 {[%clk
00:37:40]} {[%emt 00:06:14]} Qa5 {[%clk 00:30:48]} {[%emt 00:09:16]} 19. Rg5
{[%clk 00:37:22]} {[%emt 00:00:51]} Qc7 {[%clk 00:27:29]} {[%emt 00:03:39]} 20.
Rhg1 {[%clk 00:27:33]} {[%emt 00:10:28]} Nf6 {[%clk 00:19:32]} {[%emt
00:08:27]} 21. h5 {[%clk 00:24:50]} {[%emt 00:03:13]} Bh6 {[%clk 00:19:16]}
{[%emt 00:00:46]} 22. R5g3 {[%clk 00:24:34]} {[%emt 00:00:46]} gxh5 {[%clk
00:19:22]} {[%emt 00:00:24]} 23. f5 {[%clk 00:16:49]} {[%emt 00:08:16]} Bxe3
{[%clk 00:11:22]} {[%emt 00:08:28]} 24. Qxe3 {[%clk 00:17:04]} {[%emt
00:00:16]} Bc6 {[%clk 00:10:07]} {[%emt 00:01:45]} 25. Rg7 {[%clk 00:16:02]}
{[%emt 00:01:33]} Rh7 {[%clk 00:06:25]} {[%emt 00:04:11]} 26. Bc4 {[%clk
00:14:51]} {[%emt 00:01:41]} Rxg7 {[%clk 00:06:24]} {[%emt 00:00:31]} 27. Rxg7
{[%clk 00:15:09]} {[%emt 00:00:12]} d5 {[%clk 00:06:15]} {[%emt 00:00:39]} 28.
e5 {[%clk 00:12:26]} {[%emt 00:03:13]} dxc4 {[%clk 00:03:31]} {[%emt 00:03:14]}
29. exf6 {[%clk 00:12:46]} {[%emt 00:00:10]} Kf8 {[%clk 00:02:03]} {[%emt
00:01:58]} 30. Rh7 {[%clk 00:12:54]} {[%emt 00:00:23]} exf6 {[%clk 00:00:48]}
{[%emt 00:01:44]} 31. Rh8+ {[%clk 00:13:12]} {[%emt 00:00:12]} Kg7 {[%clk
00:01:10]} {[%emt 00:00:07]} 32. Qh6# {[%clk 00:13:38]} {[%emt 00:00:05]} 1-0

[Event "DEM U14w 2023"]
[Site "Willingen GER"]
[Date "2023.06.03"]
[Round "9"]
[White "Bauer, Laura Sophie"]
[Black "Müller, Riyanna"]
[Result "0-1"]
[Termination "normal"]
[Board "4"]
[WhiteElo "1627"]
[BlackElo "1687"]
[WhiteClock "00:54:53"]
[BlackClock "00:56:48"]
[PlyCount "72"]
[WhiteFideId "16253647"]
[BlackFideId "16287401"]
[EventCountry "GER"]
[EventRounds "9"]
[EventType "swiss"]
[EventDate "2023.05.27"]

1. e4 {[%clk 01:30:57]} {[%emt 00:00:02]} d5 {[%clk 01:30:54]} {[%emt
00:00:06]} 2. exd5 {[%clk 01:31:22]} {[%emt 00:00:06]} Qxd5 {[%clk 01:31:18]}
{[%emt 00:00:06]} 3. Nc3 {[%clk 01:31:46]} {[%emt 00:00:05]} Qd8 {[%clk
01:31:33]} {[%emt 00:00:15]} 4. d4 {[%clk 01:32:08]} {[%emt 00:00:07]} Nf6
{[%clk 01:31:18]} {[%emt 00:00:46]} 5. Nf3 {[%clk 01:28:02]} {[%emt 00:04:36]}
g6 {[%clk 01:30:48]} {[%emt 00:01:00]} 6. Bf4 {[%clk 01:27:22]} {[%emt
00:01:11]} Bg4 {[%clk 01:25:42]} {[%emt 00:05:34]} 7. h3 {[%clk 01:26:47]}
{[%emt 00:01:05]} Bxf3 {[%clk 01:25:43]} {[%emt 00:00:30]} 8. Qxf3 {[%clk
01:27:10]} {[%emt 00:00:07]} c6 {[%clk 01:25:34]} {[%emt 00:00:39]} 9. O-O-O
{[%clk 01:24:44]} {[%emt 00:02:55]} e6 {[%clk 01:24:12]} {[%emt 00:01:53]} 10.
Bg5 {[%clk 01:22:14]} {[%emt 00:03:00]} Nbd7 {[%clk 01:21:12]} {[%emt
00:03:32]} 11. Ne4 {[%clk 01:22:34]} {[%emt 00:00:09]} Be7 {[%clk 01:20:50]}
{[%emt 00:00:51]} 12. Bh6 {[%clk 01:20:04]} {[%emt 00:03:00]} Nxe4 {[%clk
01:18:23]} {[%emt 00:02:57]} 13. Qxe4 {[%clk 01:20:26]} {[%emt 00:00:08]} Bf6
{[%clk 01:14:52]} {[%emt 00:04:01]} 14. d5 {[%clk 01:12:06]} {[%emt 00:08:51]}
Qb6 {[%clk 01:08:53]} {[%emt 00:06:29]} 15. c3 {[%clk 01:03:10]} {[%emt
00:09:26]} cxd5 {[%clk 01:05:37]} {[%emt 00:03:46]} 16. Rxd5 {[%clk 01:01:09]}
{[%emt 00:02:29]} Qc6 {[%clk 01:04:09]} {[%emt 00:01:59]} 17. Bc4 {[%clk
00:58:02]} {[%emt 00:03:37]} O-O-O {[%clk 01:00:01]} {[%emt 00:04:38]} 18. Rhd1
{[%clk 00:53:26]} {[%emt 00:05:06]} exd5 {[%clk 01:00:09]} {[%emt 00:00:22]}
19. Bxd5 {[%clk 00:53:47]} {[%emt 00:00:10]} Qc7 {[%clk 00:58:44]} {[%emt
00:01:52]} 20. Bxf7 {[%clk 00:52:46]} {[%emt 00:01:31]} Nc5 {[%clk 00:57:04]}
{[%emt 00:02:11]} 21. Be6+ {[%clk 00:51:26]} {[%emt 00:01:51]} Kb8 {[%clk
00:57:14]} {[%emt 00:00:19]} 22. Qe3 {[%clk 00:51:25]} {[%emt 00:00:31]} Rxd1+
{[%clk 00:56:35]} {[%emt 00:01:10]} 23. Kxd1 {[%clk 00:51:49]} {[%emt
00:00:07]} Rd8+ {[%clk 00:56:33]} {[%emt 00:00:31]} 24. Kc2 {[%clk 00:52:01]}
{[%emt 00:00:17]} Nxe6 {[%clk 00:56:05]} {[%emt 00:00:59]} 25. Qxe6 {[%clk
00:52:17]} {[%emt 00:00:13]} Qd7 {[%clk 00:55:28]} {[%emt 00:01:06]} 26. Bf4+
{[%clk 00:52:10]} {[%emt 00:00:38]} Ka8 {[%clk 00:55:47]} {[%emt 00:00:11]} 27.
Qxd7 {[%clk 00:52:24]} {[%emt 00:00:18]} Rxd7 {[%clk 00:56:09]} {[%emt
00:00:08]} 28. Be3 {[%clk 00:52:29]} {[%emt 00:00:24]} b6 {[%clk 00:56:02]}
{[%emt 00:00:36]} 29. a3 {[%clk 00:52:41]} {[%emt 00:00:19]} Kb7 {[%clk
00:56:15]} {[%emt 00:00:17]} 30. g3 {[%clk 00:52:57]} {[%emt 00:00:14]} Kc6
{[%clk 00:56:22]} {[%emt 00:00:23]} 31. h4 {[%clk 00:53:21]} {[%emt 00:00:06]}
Be7 {[%clk 00:56:06]} {[%emt 00:00:46]} 32. Bf4 {[%clk 00:53:25]} {[%emt
00:00:25]} Bc5 {[%clk 00:55:47]} {[%emt 00:00:49]} 33. f3 {[%clk 00:53:49]}
{[%emt 00:00:08]} Bd6 {[%clk 00:55:47]} {[%emt 00:00:28]} 34. Bxd6 {[%clk
00:54:10]} {[%emt 00:00:10]} Rxd6 {[%clk 00:56:14]} {[%emt 00:00:03]} 35. f4
{[%clk 00:54:33]} {[%emt 00:00:08]} Kd7 {[%clk 00:56:28]} {[%emt 00:00:16]} 36.
b3 {[%clk 00:54:53]} {[%emt 00:00:09]} Ke6 {[%clk 00:56:48]} {[%emt 00:00:11]}
0-1

[Event "DEM U14w 2023"]
[Site "Willingen GER"]
[Date "2023.06.03"]
[Round "9"]
[White "Neumeier, Valentina"]
[Black "Burlutskaia, Maria"]
[Result "1-0"]
[Termination "normal"]
[Board "5"]
[WhiteElo "1549"]
[BlackElo "1510"]
[WhiteClock "00:00:46"]
[BlackClock "00:01:07"]
[PlyCount "81"]
[WhiteFideId "34608222"]
[BlackFideId "34607137"]
[EventCountry "GER"]
[EventRounds "9"]
[EventType "swiss"]
[EventDate "2023.05.27"]

1. b4 {[%clk 01:30:58]} {[%emt 00:00:03]} e5 {[%clk 01:30:39]} {[%emt
00:00:23]} 2. Bb2 {[%clk 01:31:22]} {[%emt 00:00:03]} d6 {[%clk 01:30:05]}
{[%emt 00:01:03]} 3. e3 {[%clk 01:31:25]} {[%emt 00:00:29]} Be6 {[%clk
01:29:31]} {[%emt 00:01:03]} 4. Nf3 {[%clk 01:31:28]} {[%emt 00:00:27]} f5
{[%clk 01:28:41]} {[%emt 00:01:20]} 5. Be2 {[%clk 01:30:47]} {[%emt 00:01:11]}
Nf6 {[%clk 01:26:27]} {[%emt 00:02:44]} 6. c4 {[%clk 01:26:04]} {[%emt
00:05:14]} Be7 {[%clk 01:23:38]} {[%emt 00:03:18]} 7. d4 {[%clk 01:24:26]}
{[%emt 00:02:08]} d5 {[%clk 01:20:31]} {[%emt 00:03:38]} 8. c5 {[%clk
01:21:36]} {[%emt 00:03:20]} e4 {[%clk 01:19:47]} {[%emt 00:01:14]} 9. Ne5
{[%clk 01:20:40]} {[%emt 00:01:27]} O-O {[%clk 01:19:17]} {[%emt 00:00:59]} 10.
O-O {[%clk 01:20:01]} {[%emt 00:01:08]} Nfd7 {[%clk 01:17:22]} {[%emt
00:02:26]} 11. Nxd7 {[%clk 01:18:43]} {[%emt 00:01:46]} Nxd7 {[%clk 01:15:30]}
{[%emt 00:02:23]} 12. Nc3 {[%clk 01:14:53]} {[%emt 00:04:20]} Qe8 {[%clk
01:11:53]} {[%emt 00:04:07]} 13. a4 {[%clk 01:09:57]} {[%emt 00:05:27]} Qg6
{[%clk 01:08:31]} {[%emt 00:03:50]} 14. Kh1 {[%clk 01:07:45]} {[%emt 00:02:43]}
Nf6 {[%clk 01:05:54]} {[%emt 00:03:08]} 15. b5 {[%clk 01:02:33]} {[%emt
00:05:42]} Qh6 {[%clk 01:04:42]} {[%emt 00:01:41]} 16. a5 {[%clk 00:49:40]}
{[%emt 00:13:24]} Ng4 {[%clk 00:44:09]} {[%emt 00:21:03]} 17. Bxg4 {[%clk
00:43:32]} {[%emt 00:06:38]} fxg4 {[%clk 00:44:31]} {[%emt 00:00:08]} 18. Ne2
{[%clk 00:43:46]} {[%emt 00:00:16]} Bh4 {[%clk 00:43:35]} {[%emt 00:01:26]} 19.
g3 {[%clk 00:33:17]} {[%emt 00:10:59]} Rf6 {[%clk 00:34:48]} {[%emt 00:09:17]}
20. Nf4 {[%clk 00:28:31]} {[%emt 00:05:16]} Raf8 {[%clk 00:22:24]} {[%emt
00:12:54]} 21. Qe2 {[%clk 00:24:26]} {[%emt 00:04:35]} Bg5 {[%clk 00:14:56]}
{[%emt 00:07:57]} 22. Nxe6 {[%clk 00:19:57]} {[%emt 00:05:00]} Rxe6 {[%clk
00:15:22]} {[%emt 00:00:04]} 23. Qxg4 {[%clk 00:19:49]} {[%emt 00:00:38]} Rf3
{[%clk 00:15:37]} {[%emt 00:00:15]} 24. Rae1 {[%clk 00:16:21]} {[%emt
00:03:58]} Rg6 {[%clk 00:13:03]} {[%emt 00:03:04]} 25. Qc8+ {[%clk 00:15:44]}
{[%emt 00:01:06]} Rf8 {[%clk 00:11:50]} {[%emt 00:01:43]} 26. Qxb7 {[%clk
00:14:40]} {[%emt 00:01:35]} c6 {[%clk 00:09:29]} {[%emt 00:02:51]} 27. b6
{[%clk 00:11:58]} {[%emt 00:03:12]} Qh3 {[%clk 00:05:30]} {[%emt 00:04:28]} 28.
f4 {[%clk 00:06:40]} {[%emt 00:05:48]} exf3 {[%clk 00:01:43]} {[%emt 00:04:17]}
29. Rf2 {[%clk 00:06:48]} {[%emt 00:00:22]} Bxe3 {[%clk 00:01:21]} {[%emt
00:00:52]} 30. Rxe3 {[%clk 00:04:51]} {[%emt 00:02:26]} Rxg3 {[%clk 00:01:24]}
{[%emt 00:00:28]} 31. Qc7 {[%clk 00:02:41]} {[%emt 00:02:40]} Rg2 {[%clk
00:00:53]} {[%emt 00:01:01]} 32. Rexf3 {[%clk 00:02:14]} {[%emt 00:00:57]} Rxf3
{[%clk 00:00:43]} {[%emt 00:00:39]} 33. Qd8+ {[%clk 00:01:28]} {[%emt
00:01:15]} Kf7 {[%clk 00:01:07]} {[%emt 00:00:07]} 34. Qc7+ {[%clk 00:00:42]}
{[%emt 00:01:16]} Ke8 {[%clk 00:00:45]} {[%emt 00:00:52]} 35. Qxc6+ {[%clk
00:01:03]} {[%emt 00:00:09]} Kf8 {[%clk 00:00:46]} {[%emt 00:00:29]} 36. Qd6+
{[%clk 00:01:14]} {[%emt 00:00:18]} Kf7 {[%clk 00:00:54]} {[%emt 00:00:22]} 37.
Qxd5+ {[%clk 00:01:35]} {[%emt 00:00:08]} Kg6 {[%clk 00:00:43]} {[%emt
00:00:41]} 38. Qe4+ {[%clk 00:01:15]} {[%emt 00:00:50]} Kh6 {[%clk 00:00:46]}
{[%emt 00:00:28]} 39. Rxg2 {[%clk 00:00:49]} {[%emt 00:00:56]} Rf1+ {[%clk
00:01:01]} {[%emt 00:00:14]} 40. Rg1 {[%clk 00:01:07]} {[%emt 00:00:13]} Rf2
{[%clk 00:01:07]} {[%emt 00:00:23]} 41. Bc1+ {[%clk 00:00:46]} {[%emt
00:00:51]} 1-0